| 000 | 01372cim a2200421 a 4500 | ||
|---|---|---|---|
| 001 | 5620553 | ||
| 003 | OSt | ||
| 005 | 20140310182720.0 | ||
| 007 | ssulunjlcnnnu | ||
| 008 | 900118s1968 caunnn p eng | ||
| 010 | _a 90740068 | ||
| 020 | _a0553275631 | ||
| 028 | 0 | 2 |
_aBB1187 _bPacifica Radio Archive |
| 040 |
_aDLC _cDLC _dDLC |
||
| 050 | 1 | 0 |
_aPS 591 _b.R188 1970 |
| 082 |
_2M 811.508 _bR56 1970 |
||
| 245 | 0 | 0 |
_aThe black poets _cRandall, Dudley |
| 260 |
_aNew York : _bBantam Books, _cc1970. |
||
| 300 |
_aThe black poets _c18 cm. |
||
| 306 | _a003400 | ||
| 500 | _aRadio program. | ||
| 520 | _aThe following Black poets read their own works: Langston Hughes, Countee Cullen, Margaret Walker, Gwendolyn Brooks, Claude McKay, and Sterling Brown. | ||
| 521 | _aCollege Students | ||
| 526 | _c120L-1700L | ||
| 541 | _j1 | ||
| 562 | _e1 | ||
| 650 | 0 |
_aAmerican poetry _xAfrican American authors. |
|
| 650 | 0 |
_aAmerican poetry _y20th century. |
|
| 650 | 0 |
_aAfrican Americans _vPoetry. |
|
| 700 | 1 |
_aHughes, Langston, _d1902-1967. |
|
| 700 | 1 |
_aCullen, Countee, _d1903-1946. |
|
| 700 | 1 |
_aWalker, Margaret, _d1915-1998. |
|
| 700 | 1 |
_aBrooks, Gwendolyn, _d1917-2000. |
|
| 700 | 1 |
_aMcKay, Claude, _d1890-1948. |
|
| 700 | 1 |
_aBrown, Sterling Allen, _d1901-1989. |
|
| 906 |
_a7 _bcbc _corignew _d2 _encip _f19 _gy-gen |
||
| 942 |
_2lcc _cBK _kM |
||
| 999 |
_c15324 _d15324 |
||